Central Library OPAC University of Rajshahi

ভাষাবিজ্ঞান-পরিচয় / (Record no. 60540)

MARC details
000 -LEADER
fixed length control field 00841nam a2200217 a 4500
001 - CONTROL NUMBER
control field 60540
003 - CONTROL NUMBER IDENTIFIER
rucl marc code BD-RjUL
005 - DATE AND TIME OF LATEST TRANSACTION
control field 20211209080845.0
008 - FIXED-LENGTH DATA ELEMENTS--GENERAL INFORMATION
fixed length control field 170114s1968 ii | o000 0 ben d
035 ## - SYSTEM CONTROL NUMBER
System control number (BD-RjUL)60664
040 ## - CATALOGING SOURCE
Original cataloging agency DLC
Transcribing agency DLC
Modifying agency DLC
-- BD-RjUL
Language of cataloging ben
041 0# - LANGUAGE CODE
Language code of text/sound track or separate title ben
082 ## - DEWEY DECIMAL CLASSIFICATION NUMBER
Edition number 23
Classification number 491.4409
Author mark and year BIB 1968
100 1# - MAIN ENTRY--PERSONAL NAME
Personal name বিশ্বাস, সুকুমার
9 (RLIN) 182094
245 ## - TITLE STATEMENT
Title ভাষাবিজ্ঞান-পরিচয় /
Statement of responsibility, etc. সুকুমার বিশ্বাস
260 ## - PUBLICATION, DISTRIBUTION, ETC. (IMPRINT)
Place of publication, distribution, etc. কলিকাতা :
Name of publisher, distributor, etc. জিজ্ঞাসা,
Date of publication, distribution, etc. ১৯৬৮
300 ## - PHYSICAL DESCRIPTION
Pagination [১২], ১৭৫, [১] পৃ. ;
Size ২২ সেমি.
650 ## - SUBJECT ADDED ENTRY--TOPICAL TERM
Source of heading or term বাংলা ভাষা
Form subdivision ইতিহাস ও সমালোচনা
9 (RLIN) 182095
Source of heading or term Bengali Language
Form subdivision History and Criticism
9 (RLIN) 182096
942 ## - ADDED ENTRY ELEMENTS (KOHA)
Source of classification or shelving scheme Dewey Decimal Classification
Koha item type Books
Holdings
Lost status Source of classification or shelving scheme Damaged status Not for loan Collection code Permanent Location Current Location Shelving location Date acquired Source of acquisition Cost, normal purchase price Total Checkouts Full call number Date last seen Copy number Koha item type
  Dewey Decimal Classification   Not For Loan Non-fiction Central Library, University of Rajshahi Central Library, University of Rajshahi Reading Room 25/08/1973 Govt. of India 0.00   B 491.4409 BIB 1968 14/01/2017 C-1 Books
  Dewey Decimal Classification     Non-fiction Central Library, University of Rajshahi Central Library, University of Rajshahi General Stacks 25/08/1973 India Govt.     B 491.4409 BIB 1968 29/09/2025 C-2 Books